| 000 | 00798nam a2200205Ia 4500 | ||
|---|---|---|---|
| 008 | 0000002006 sp a 0000000000eng00 | ||
| 020 | _a8488511957 | ||
| 090 | _aPSP00 O77p | ||
| 100 | 1 |
_aOrtega, Pelayo _d1956 |
|
| 245 | 1 | 0 |
_aPelayo Ortega _b: paintings and constructions |
| 300 |
_a24 p. _c/ 30 cm. |
||
| 500 | _aExposición realizada en Marlborough, New York, Enero 7 Febrero 4, 2006 \ Con el patronazgo del maestro venezolano Jesús Rafael Soto (q.e.p.d.) \ Registro auspiciado por el IDCT. Bogotá | ||
| 600 | 0 | 0 |
_aORTEGA, PELAYO, 1956/ _xTRABAJOS PICTORICOS |
| 650 | 1 | 4 | _aARTE CONTEMPORANEO ESPAÑOL |
| 650 | 1 | 4 | _xCATALOGOS |
| 650 | 1 | 4 | _xEXPOSICIONES |
| 650 | 1 | 4 | _aPINTORES ESPAÑOLES |
| 650 | 1 | 4 | _aPINTURA ESPAÑOLA |
| 999 |
_c3179 _d3179 |
||
| 260 |
_aMadrid : Galería Marlborough _c2006 |
||